Classical Islamic philosophy/ (Record no. 96502)
[ view plain ]
| 000 -LEADER | |
|---|---|
| fixed length control field | 00431nam a22001577a 4500 |
| 005 - DATE AND TIME OF LATEST TRANSACTION | |
| control field | 20170807091436.0 |
| 008 - FIXED-LENGTH DATA ELEMENTS--GENERAL INFORMATION | |
| fixed length control field | 170807b xxu||||| |||| 00| 0 eng d |
| 020 ## - INTERNATIONAL STANDARD BOOK NUMBER | |
| International Standard Book Number | 5010027917 |
| 040 ## - CATALOGING SOURCE | |
| Transcribing agency | PK-LaUMT |
| 082 ## - DEWEY DECIMAL CLASSIFICATION NUMBER | |
| Classification number | ZIAC 297.01 |
| Item number | TAU-C |
| 100 ## - MAIN ENTRY--PERSONAL NAME | |
| Personal name | Taufic Ibrahim |
| 245 ## - TITLE STATEMENT | |
| Title | Classical Islamic philosophy/ |
| Statement of responsibility, etc | Taufic Ibrahim and Arthur Sagadeev |
| 260 ## - PUBLICATION, DISTRIBUTION, ETC. (IMPRINT) | |
| Place of publication, distribution, etc | Moscow: |
| Name of publisher, distributor, etc | Progress publishers, |
| Date of publication, distribution, etc | 1990 |
| 300 ## - PHYSICAL DESCRIPTION | |
| Extent | 349 p. |
| 942 ## - ADDED ENTRY ELEMENTS (KOHA) | |
| Koha item type | Books |
| Withdrawn status | Lost status | Damaged status | Home library | Current library | Date acquired | Full call number | Barcode | Date last seen | Price effective from | Koha item type |
|---|---|---|---|---|---|---|---|---|---|---|
| UMT Main Campus | UMT Main Campus | 2017-08-07 | ZIAC 297.01 TAU-C | 112155 | 2017-08-07 | 2017-08-07 | Books |
